|
|
|
|
| LEADER |
00000cam a2200000 a 4500 |
| 001 |
vtls001071543 |
| 003 |
SK-MaSNL |
| 005 |
20260302073253.0 |
| 008 |
240702s1993 xo gr 0000fbslo |
| 015 |
|
|
|a SNBA1993/05
|
| 020 |
|
|
|a 808526594X
|
| 035 |
|
|
|a SNK000014374
|
| 040 |
|
|
|a SNK
|b slo
|c SNK
|e AACR2
|
| 041 |
1 |
|
|a slo
|h hun
|
| 044 |
|
|
|a xo
|c SK
|
| 072 |
|
7 |
|a 821.511.1
|x Ugrofínske literatúry
|2 konspekt
|
| 080 |
|
|
|a 894.511-3
|2 1981
|
| 080 |
|
|
|a 821.511.141-31
|2 2011
|
| 080 |
|
|
|a (0:82-32)
|2 2011
|
| 080 |
|
|
|a (0:82-312.6)
|2 2011
|
| 100 |
1 |
|
|a Csaplár, Vilmos
|4 aut
|9 725549
|
| 240 |
1 |
0 |
|a Pénzt, de sokat!
|l Slovensky
|
| 245 |
1 |
0 |
|a Ak peniaze, tak veľa
|b skutočný príbeh maďarského milionára
|c Vilmos Csaplár ; preložila Mária V. Bareková
|
| 250 |
|
|
|a 1. vyd.
|
| 260 |
|
|
|a Bratislava
|b Gemini
|c 1993
|
| 300 |
|
|
|a 156 s.
|c 21 cm
|
| 500 |
|
|
|a Preložené z maďarčiny
|
| 655 |
|
7 |
|a maďarské romány
|2 SNKPH
|9 70321
|
| 655 |
|
7 |
|a skutočné príbehy
|2 SNKPH
|9 86728
|
| 655 |
|
7 |
|a biografické romány
|2 SNKPH
|9 1532
|
| 700 |
1 |
|
|a Bareková, Mária V.,
|d 1951-
|4 trl
|9 92627
|
| 852 |
|
|
|a Slovenská národná knižnica
|
| 919 |
|
|
|a 80-85265-94-X
|
| 954 |
|
|
|a beletria cudzojazyčná (svetová)
|2 lita
|
| 958 |
|
|
|a LX
|
| 958 |
|
|
|a UP
|
| 958 |
|
|
|a BC
|
| 968 |
|
|
|b MAG
|
| 999 |
|
|
|c 1160165
|d 1162095
|
| 952 |
|
|
|t P60, <05>, [BOOK], {605}
|a SNK
|b SNK
|y PREZ
|7 0
|p 17A0299216
|o snkSC 83521 D1
|i snkKSP 3008/93
|0 0
|1 0
|4 0
|d 2001-05-03
|l 0
|r 2004-12-31 00:00:00
|w 2026-02-24
|
| 952 |
|
|
|a SNK
|b SNK
|y PREZ
|7 0
|p 17A1009721
|o snkSC 83521
|0 0
|1 0
|4 0
|d 2012-08-16
|l 0
|r 2025-08-21 00:00:00
|w 2026-02-24
|